Statistieken voor Grootste Eilanden op de Wereldkaart

Klik hier om de quiz te nemen!

Algemene statistieken

  • Deze quiz is 1.787 keer genomen
  • De gemiddelde score is 10 van 26

Antwoorden op de kaart

Antwoorden kleurgecodeerd door een groen-rode schaal op de quizkaart volgens % correct hieronder.
 

Antwoordstatistieken

#Eiland% Correct
1Groenland
96%
18IJsland
89%
4Madagaskar
87%
20Ierland
83%
17Cuba
77%
25Sri Lanka
62%
26Tasmanië
53%
13Java
45%
3Borneo
39%
6Sumatra
36%
9Groot-Brittannië
32%
16Newfoundland
32%
14Noordereiland
31%
12Zuidereiland
31%
2Nieuw-Guinea
29%
21Hokkaido
24%
11Sulawesi
24%
22Hispaniola
23%
7Honshu
23%
5Baffineiland
20%
15Luzon
18%
23Sachalin
15%
19Mindanao
14%
8Victoria-eiland
14%
10Ellesmere-eiland
13%
24Bankseiland
11%

Scoreverdeling

Percentiel versus Aantal Correcte Antwoorden

Procent van Mensen met Elke Score

Uw Scoregeschiedenis

U heeft deze quiz nog niet genomen